Tìm hiểu văn hóa tâm linh Nam Bộ

Giới thiệu một số cơ sở tác động đến diễn trình đời sống tâm linh của người Việt ở Nam Bộ. Đề cập đến một số dạng sinh hoạt văn hóa tâm linh tiêu biểu ở Nam Bộ.

Đã lưu trong:
Chi tiết thư mục
Tác giả chính: Nguyễn Hữu Hiếu
Định dạng: Sách
Năm xuất bản: Tp HCM Nxb Trẻ 2004
Chủ đề:
Tags: Thêm thẻ
Không có thẻ, Hãy là người đầu tiên gắn thẻ bản ghi này!
LEADER 01748nam a2200241 4500
999 |c 8863  |d 8863 
082 |a 306.095977  |b NG527H 
100 |a Nguyễn Hữu Hiếu 
245 |a Tìm hiểu văn hóa tâm linh Nam Bộ  |c Nguyễn Hữu Hiếu 
260 |a Tp HCM  |b Nxb Trẻ  |c 2004 
300 |a 167 tr.  |c 20 cm. 
520 |a Giới thiệu một số cơ sở tác động đến diễn trình đời sống tâm linh của người Việt ở Nam Bộ. Đề cập đến một số dạng sinh hoạt văn hóa tâm linh tiêu biểu ở Nam Bộ. 
653 |a  Văn hóa 
653 |a Tín ngưỡng 
653 |a Thờ cúng 
653 |a Nam Bộ 
653 |a Việt Nam 
942 |2 ddc  |c STK0 
952 |0 0  |1 0  |2 ddc  |4 0  |6 306_095977000000000_NG527H  |7 0  |8 300  |9 71850  |a qbu  |b qbu  |c D2  |d 2015-05-01  |g 15500  |o 306.095977 NG527H  |p 8553.c1  |w 2015-05-01  |y STK0  |0 0  |6 306_597097000000000_NG527H  |0 0  |6 306_000000000000000_NG527H 
952 |0 0  |1 0  |2 ddc  |4 0  |6 306_095977000000000_NG527H  |7 0  |8 300  |9 71851  |a qbu  |b qbu  |c D2  |d 2015-05-01  |g 15500  |o 306.095977 NG527H  |p 8553.c2  |w 2015-05-01  |y STK0  |0 0  |6 306_597097000000000_NG527H  |0 0  |6 306_000000000000000_NG527H 
952 |0 0  |1 0  |2 ddc  |4 0  |6 306_095977000000000_NG527H  |7 0  |8 300  |9 71852  |a qbu  |b qbu  |c D2  |d 2015-05-01  |g 15500  |o 306.095977 NG527H  |p 8553.c3  |w 2015-05-01  |y STK0  |0 0  |6 306_597097000000000_NG527H  |0 0  |6 306_000000000000000_NG527H 
952 |0 0  |1 0  |2 ddc  |4 0  |6 306_095977000000000_NG527H  |7 0  |8 300  |9 71853  |a qbu  |b qbu  |c D2  |d 2015-05-01  |g 15500  |o 306.095977 NG527H  |p 8553.c4  |w 2015-05-01  |y STK0  |0 0  |6 306_597097000000000_NG527H  |0 0  |6 306_000000000000000_NG527H 
952 |0 0  |1 0  |2 ddc  |4 0  |6 306_095977000000000_NG527H  |7 0  |8 300  |9 71854  |a qbu  |b qbu  |c D2  |d 2015-05-01  |g 15500  |o 306.095977 NG527H  |p 8553.c5  |w 2015-05-01  |y STK0  |0 0  |6 306_597097000000000_NG527H  |0 0  |6 306_000000000000000_NG527H